Attractors representing turbulent flows

Αποθηκεύτηκε σε:
Λεπτομέρειες βιβλιογραφικής εγγραφής
Κύριος συγγραφέας: Constantin, P. (Peter) 1951-
Άλλοι συγγραφείς: Foias, Ciprian, Temam, Roger
Μορφή: Βιβλίο
Γλώσσα:English
Δημοσίευση: Providence, R.I., USA : American Mathematical Society, 1985
Σειρά:Memoirs of the American Mathematical Society ; ; 314
Θέματα:
Ετικέτες: Προσθήκη ετικέτας
Δεν υπάρχουν, Καταχωρήστε ετικέτα πρώτοι!

MARC

LEADER 00000cam a2200000 i 4500
001 1/50115
008 941103s1985 eng d
020 |a 0821823159 
035 |l 10043795 
040 |a GR-MY-UA  |b gre  |e aacr 
041 0 |a eng 
082 0 |a 532.0527  |2 (19) 
100 1 |a Constantin, P.  |q (Peter)  |d 1951- 
245 1 0 |a Attractors representing turbulent flows /  |c P. Constantin, C. Foiaπs, and R. Temam 
260 |a Providence, R.I., USA :   |b American Mathematical Society,   |c 1985 
300 |a vii, 67 p.;  |c 26 cm 
490 1 |a Memoirs of the American Mathematical Society  |v ; 314  |x 0065-9266 
500 |a "Volume 53, number 314 (first of 5 numbers)" 
504 |a Bibliography: p. 65-67 
650 0 0 |a Turbulence. 
650 0 0 |a Navier-Stokes equations. 
700 1 |a Foias, Ciprian. 
700 1 |a Temam, Roger. 
830 0 |a Memoirs of the American Mathematical Society ;  |v ; 314 
852 |a INST  |b SAMOS  |e 19941103  |h 532.0527 CON  |p 005300007708  |q 005300007708  |t BK  |y 0 
909 |a Σ  |b 033681